INFORME FINAL DEL EJERCICIO PROFESIONAL SUPERVISADO, REALIZADO EN LA PLANTA HIDROELÉCTRICA RENACE I Y EN LA ALDEA SANTA MARÍA JULHA, SAN PEDRO CARCHÁ, ALTA VERAPAZ/ (Registro nro. 2106)
[ vista simple ]
| 000 -LEADER | |
|---|---|
| campo de control de longitud fija | 03270nam a22003257a 4500 |
| 001 - NÚMERO DE CONTROL | |
| campo de control | TIGAL 0011 |
| 003 - IDENTIFICADOR DE NÚMERO DE CONTROL | |
| campo de control | gtcocun |
| 005 - FECHA Y HORA DE LA ÚLTIMA TRANSACCIÓN | |
| campo de control | 20250923184923.0 |
| 006 - CÓDIGOS DE INFORMACIÓN DE LONGITUD FIJA--CARACTERÍSTICAS DEL MATERIAL ADICIONAL | |
| campo de control de longitud fija | a||||gr|||| 00| 0 |
| 007 - CAMPO FIJO DE DESCRIPCIÓN FÍSICA--INFORMACIÓN GENERAL | |
| campo de control de longitud fija | ta |
| 008 - DATOS DE LONGITUD FIJA--INFORMACIÓN GENERAL | |
| campo de control de longitud fija | 250923b2018 gt ||||| m||| 00| 0 eng d |
| 040 ## - FUENTE DE CATALOGACIÓN | |
| Centro catalogador/agencia de origen | gtcocun |
| Lengua de catalogación | SPA |
| Centro/agencia transcriptor | gtcocun |
| Normas de descripción | RDA |
| 041 ## - CÓDIGO DE IDIOMA | |
| Código de lengua del texto/banda sonora o título independiente | SPA TIGAL 0011 |
| 084 ## - OTRO NÚMERO DE CLASIFICACIÓN | |
| Número de control del registro de autoridad o número normalizado | TIGAL 0011 |
| 100 ## - ENTRADA PRINCIPAL--NOMBRE DE PERSONA | |
| Nombre de persona | Soto Pineda, Ana Lucía |
| Término indicativo de función/relación | Autor |
| 245 ## - MENCIÓN DEL TÍTULO | |
| Título | INFORME FINAL DEL EJERCICIO PROFESIONAL SUPERVISADO, REALIZADO EN LA PLANTA HIDROELÉCTRICA RENACE I Y EN LA ALDEA SANTA MARÍA JULHA, SAN PEDRO CARCHÁ, ALTA VERAPAZ/ |
| Mención de responsabilidad, etc. | Ana Lucía Soto Pineda. |
| Medio | Impreso |
| 264 ## - PRODUCCIÓN, PUBLICACIÓN, DISTRIBUCIÓN, FABRICACIÓN Y COPYRIGHT | |
| Producción, publicación, distribución, fabricación y copyright | Cobán, Alta Verapaz: |
| Nombre del de productor, editor, distribuidor, fabricante | Universidad de San Carlos de Guatemala, Centro Universitario del Norte, Carrera de Ingeniería en Gestión Ambiental Local |
| Fecha de producción, publicación, distribución, fabricación o copyright | 2018 |
| 300 ## - DESCRIPCIÓN FÍSICA | |
| Extensión | 110 p.: |
| Otras características físicas | Ilustraciones, gráficas. |
| Dimensiones | 28 cm; |
| 336 ## - TIPO DE CONTENIDO | |
| Fuente | rdacontenido |
| Término de tipo de contenido | Texto |
| Código de tipo de contenido | txt |
| 337 ## - TIPO DE MEDIO | |
| Fuente | rdamedio |
| Nombre/término del tipo de medio | Computadora |
| Código del tipo de medio | n |
| 338 ## - TIPO DE SOPORTE | |
| Fuente | rdasoporte |
| Nombre/término del tipo de soporte | Código en línea |
| Código del tipo de soporte | cr |
| 502 ## - NOTA DE TESIS | |
| identificador de la tesis | TIGAL 0011 |
| 502 ## - NOTA DE TESIS | |
| Nota de tesis | Tesis de grado |
| Tipo de título | Carrera de Ingeniería en Gestión Ambiental Local, |
| Nombre de la institución que otorga el título | Universidad de San Carlos de Guatemala, Centro Universitario del Norte, Carrera de Ingeniería en Gestión Ambiental Local |
| Año de obtención del título | 2018 |
| Identificador de la tesis | TIGAL 0011 |
| 520 14 - RESUMEN, ETC. | |
| Sumario, etc. | Las actividades ejecutadas dentro del ejercicio profesional supervisado se realizaron en la aldea Santa María Julha y en la planta hidroeléctrica Renace I, ambas se localizan en el noreste del municipio de San Pedro Carchá, departamento de Alta Verapaz.<br/><br/>El normativo del ejercicio profesional supervisado establece dentro de sus objetivos que el estudiante debe integrar los conocimientos aprendidos, de esta manera se desarrollaron actividades de investigación, docencia y extensión relacionadas a la gestión ambiental.<br/><br/>Previo a la ejecución de las actividades en la aldea Santa María Julha, se realizó la planificación conforme a la identificación de los principales problemas ambientales en el área de trabajo, a partir de ello se implementaron actividades relacionadas al saneamiento ambiental, vulnerabilidad ante los efectos del cambio climático, deforestación, contaminación por residuos sólidos y manejo de riesgo a desastres.<br/><br/>Para implementar las actividades se realizó una segmentación de los habitantes según edad, género y organización comunitaria; con el objetivo de involucrar la mayor parte en las charlas, proyectos y programas desarrollados.<br/><br/>Se desarrolló una investigación inferencial para identificar las áreas con alto contenido de arcillas en la aldea Santa María Julha, para su aprovechamiento como elemento filtrante de agua contaminada, el estudio consistió en identificar en distintas muestras de suelo, su textura y porosidad; y posteriormente seleccionar el suelo ideal con el que se construyeron 5 filtros a base de arcilla, aserrín y plata coloidal. |
| 650 14 - PUNTO DE ACCESO ADICIONAL DE MATERIA--TÉRMINO DE MATERIA | |
| Fuente del encabezamiento o término | LEMB |
| Término de materia o nombre geográfico como elemento de entrada | Carchá, Alta Verapaz |
| Subdivisión general | Ingeniería en Gestión Ambiental Local |
| -- | Santa María Julha |
| -- | San Pedro Carchá |
| -- | Saneamiento ambiental |
| -- | Cambio climático |
| -- | Filtros de arcilla |
| 700 ## - ENTRADA AGREGADA--NOMBRE PERSONAL | |
| Nombre de persona | Ing. Agr. Julio Oswaldo Méndez Morales |
| Término indicativo de función/relación | Asesor |
| 856 ## - LOCALIZACIÓN Y ACCESO ELECTRÓNICOS | |
| Identificador Uniforme de Recurso | <a href="Sin archivo en línea ">Sin archivo en línea </a> |
| Nota pública | Sin archivo en línea |
| 942 ## - ELEMENTOS DE ENTRADA SECUNDARIOS (KOHA) | |
| Fuente de la clasificación o esquema de estantería | Clasificación Decimal Dewey |
| Tipo de ítem Koha | TESIS |
| Parte de la signatura que identifica el ejemplar (Parte del ítem) | TIGAL 0011 |
| Prefijo de la signatura | Clasificación |
| Suprimir en OPAC | No |
| -- | TIGAL_0011_000000000000000 |
| Estatus retirado | Estado de pérdida | Fuente de la clasificación o esquema de estantería | Estado de daño | No para préstamo | Colección | Biblioteca de origen | Biblioteca actual | Ubicación en estantería | Fecha de adquisición | Número de inventario | Total de préstamos | Signatura topográfica completa | Código de barras | Visto por última vez | Precio de reemplazo | Tipo de ítem Koha |
|---|---|---|---|---|---|---|---|---|---|---|---|---|---|---|---|---|
| Clasificación Decimal Dewey | tesis | BIBLIOTECA- CUNOR -JOSÉ LUIS GONZALES ROSALES | BIBLIOTECA- CUNOR -JOSÉ LUIS GONZALES ROSALES | Colección tesis | 23/09/2025 | TIGAL 0011 | TIGAL 0011 | TIGAL 0011 | 23/09/2025 | 23/09/2025 | TESIS |